Obrázky z ostrova : kubánsky zápisník /

Hlavní autor: Jarunková, Klára, 1922-2005
Další autoři: Zacharová, Dana, 1947-
Jazyk: Slovenština
Vydáno: Bratislava : Mladé letá, 1979
Vydání: 1. vyd.
Fyzický popis: 76 s. : il.
Knihy
Uloženo v:
LEADER 00782nam^a22002292a^4500
001 000833119
003 CZ BrMZK
005 20110713154929.0
007 ta
008 061121s1979 xo a er|||||||||||slo d
040 |a ABA001  |b cze  |c ABA001  |d ABA001  |d BOA001 
080 9 |a 885.4-93-992(719.1) 
100 1 |a Jarunková, Klára,  |d 1922-2005  |7 jn20000603206  |4 aut 
245 1 0 |a Obrázky z ostrova :  |b kubánsky zápisník /  |c Klára Jarunková ; ilustrovala Daniela Zacharová 
250 |a 1. vyd. 
260 |a Bratislava :  |b Mladé letá,  |c 1979 
300 |a 76 s. :  |b il. 
700 1 |a Zacharová, Dana,  |d 1947-  |7 jo2001100263  |4 ill 
910 |a BOA001  |b 2-0820.323 
990 |a BK 
991 |b 200611 
996 7 |b 2619230779  |c 2-0820.323  |l MZK  |r Sklad / do 1 hodiny  |n 1  |w 000833119  |u 000010  |a 1  |e BOA001  |j MZK50  |s A